La philoxera en Portugal y sus relaciones con los viñedos españoles (Record no. 164270)

MARC details
000 -LEADER
campo de control de longitud fija 00825nam a22001815i 4500
001 - NÚMERO DE CONTROL
campo de control 164270
003 - IDENTIFICADOR DE NÚMERO DE CONTROL
campo de control ES-MaACL
005 - FECHA Y HORA DE LA ÚLTIMA TRANSACCIÓN
campo de control 20230906212914.0
008 - DATOS DE LONGITUD FIJA--INFORMACIÓN GENERAL
campo de control de longitud fija 050727s1880 sp | |||||||| ||spa d
040 ## - FUENTE DE CATALOGACIÓN
Centro catalogador/agencia de origen CAM
Lengua de catalogación spa
Centro/agencia transcriptor CAM
100 1# - ENTRADA PRINCIPAL--NOMBRE DE PERSONA
Nombre de persona Sáez de Montoya, Constantino.
9 (RLIN) 132996
245 13 - MENCIÓN DEL TÍTULO
Título La philoxera en Portugal y sus relaciones con los viñedos españoles
Resto del título : conferencia pronunciada el dia 9 de noviembre de 1879 en el Conservatorio de Artes /
Mención de responsabilidad, etc. por Constantino Sáez de Montoya.
260 ## - PUBLICACIÓN, DISTRIBUCIÓN, ETC.
Lugar de publicación, distribución, etc. Madrid :
Nombre del editor, distribuidor, etc. [s.n.],
Fecha de publicación, distribución, etc. 1880 (
Fabricante Imprenta de Ramón Moreno y Ricardo Rojas)
300 ## - DESCRIPCIÓN FÍSICA
Extensión 27 p. ;
Dimensiones 23 cm.
650 #4 - PUNTO DE ACCESO ADICIONAL DE MATERIA--TÉRMINO DE MATERIA
Término de materia o nombre geográfico como elemento de entrada Filoxera.
9 (RLIN) 136118
650 #4 - PUNTO DE ACCESO ADICIONAL DE MATERIA--TÉRMINO DE MATERIA
Término de materia o nombre geográfico como elemento de entrada Viticultura.
9 (RLIN) 136993
852 ## - LOCALIZACIÓN
Ubicación ES-MaACL
Número de control de estantería T-331-F-7
Nota libre -- Enc. hol., falto de la cub. original
-- -- An. ms.: ded. del autor al Ateneo de Madrid
-- -- Enc. en un vol. facticio
Holdings
Estatus retirado Estado de pérdida Estado de daño No para préstamo Colección Biblioteca de origen Biblioteca actual Ubicación en estantería Fecha de adquisición Total de préstamos Signatura topográfica completa Código de barras Visto por última vez Precio de reemplazo Tipo de ítem Koha
        Colección de folletos Biblioteca del Ateneo de Madrid Biblioteca del Ateneo de Madrid Depósito folletos 17/01/2008   T-331-F-7 1172182 23/02/2023 23/02/2023 Folleto